PFA Team Of The Year 2000-2024 - Statistics

General Stats
  • This quiz has been taken 1,094 times
    586 since last reset
  • The average score is 92 of 143
Answer Stats
Answer % Correct
Cristiano Ronaldo
95%
Erling Haaland
95%
Harry Kane
95%
Kevin De Bruyne
95%
Mohamed Salah
95%
Alisson
94%
Ederson
94%
Son Heung-min
94%
Virgil van Dijk
94%
Dele Alli
93%
Sadio Mané
93%
Petr Čech
91%
Bernardo Silva
90%
David de Gea
90%
David Silva
90%
Martin Ødegaard
90%
Rodri
90%
Sergio Agüero
89%
Thierry Henry
89%
David Raya
88%
Luis Suárez
88%
Rúben Dias
88%
Trent Alexander-Arnold
88%
Andrew Robertson
87%
Eden Hazard
87%
Kyle Walker
87%
Steven Gerrard
87%
Frank Lampard
86%
Nemanja Vidić
86%
Ashley Cole
85%
Edwin van der Sar
85%
Gareth Bale
85%
Joe Cole
85%
Phil Foden
85%
Pierre-Emerick Aubameyang
85%
Rio Ferdinand
85%
Riyad Mahrez
85%
Ryan Giggs
85%
Jamie Vardy
84%
John Terry
84%
N'Golo Kanté
84%
Didier Drogba
83%
Wayne Rooney
83%
John Stones
82%
Robin van Persie
82%
Yaya Touré
82%
Fernando Torres
81%
Dimitar Berbatov
80%
Gabriel Magalhães
80%
Joe Hart
80%
Roy Keane
80%
Vincent Kompany
80%
Alexis Sánchez
79%
João Cancelo
78%
Romelu Lukaku
78%
William Saliba
78%
Bruno Fernandes
77%
Raheem Sterling
77%
Tim Howard
76%
Bukayo Saka
75%
Christian Eriksen
75%
İlkay Gündoğan
75%
Paul Scholes
75%
Ruud van Nistelrooy
74%
Patrice Evra
73%
Patrick Vieira
73%
David Luiz
72%
Jan Vertonghen
72%
Aaron Ramsdale
71%
Stephen Carr
71%
Nicolás Otamendi
70%
Branislav Ivanović
69%
Carlos Tevez
68%
Antonio Rüdiger
67%
Cesc Fàbregas
67%
Paul Pogba
67%
Declan Rice
65%
Fernandinho
65%
Gary Cahill
65%
Gary Neville
65%
Nemanja Matić
65%
Wes Morgan
64%
Fabien Barthez
63%
Jordan Henderson
63%
Nick Pope
63%
Emmanuel Adebayor
61%
Antonio Valencia
60%
Robert Pires
60%
Toby Alderweireld
60%
Diego Costa
59%
Pablo Zabaleta
59%
Michael Carrick
58%
Aymeric Laporte
57%
Jaap Stam
57%
David James
56%
Marcos Alonso
56%
Luke Shaw
55%
Çağlar Söyüncü
54%
Sol Campbell
54%
Daniel Sturridge
53%
Nicolas Anelka
52%
Ollie Watkins
51%
Shay Given
51%
Darren Fletcher
50%
Kieran Trippier
49%
Alan Shearer
47%
Juan Mata
47%
Sami Hyypiä
47%
Arjen Robben
46%
Jamie Carragher
46%
Nani
46%
Thiago Alcântara
45%
Séamus Coleman
43%
Bacary Sagna
42%
Gaël Clichy
41%
James Milner
39%
Brad Friedel
38%
Lauren
38%
Danny Rose
37%
Philippe Coutinho
36%
Samir Nasri
36%
Teddy Sheringham
36%
William Gallas
36%
Leighton Baines
34%
Ashley Young
32%
Wes Brown
30%
Glen Johnson
29%
Andrew Johnson
28%
Héctor Bellerín
28%
Thomas Vermaelen
28%
Jack Wilshere
24%
Dimitri Payet
23%
Shaun Wright-Phillips
23%
Richard Dunne
21%
Steve Finnan
21%
Scott Parker
18%
Ryan Bertrand
17%
Fabricio Coloccini
15%
Sylvinho
14%
Adam Lallana
13%
Wayne Bridge
12%
Pascal Chimbonda
9%
Kieron Dyer
6%
No matching quizzes found
Score Distribution
Percent of People with Each Score
Percentile by Number Answered
Your Score History
You have not taken this quiz since the last reset